The end of the nation state : The rise of regional economies

Nations are becoming obsolete from an economic standpoint, declares Tokyo-based business consultant Ohmae (The Borderless World). He argues that the traditional nation-state, now beholden to domestic special interests, its government "an enemy of the public at large," has become an ineffic...

全面介绍

Đã lưu trong:
书目详细资料
主要作者: Ohmae, Kenichi
格式: 图书
语言:Undetermined
出版: New York The Free Press 1995
主题:
标签: 添加标签
没有标签, 成为第一个标记此记录!
Thư viện lưu trữ: Trung tâm Học liệu Trường Đại học Cần Thơ
LEADER 01643nam a2200217Ia 4500
001 CTU_98893
008 210402s9999 xx 000 0 und d
082 |a 909.82 
082 |b O.36 
100 |a Ohmae, Kenichi 
245 4 |a The end of the nation state : 
245 4 |b The rise of regional economies 
245 0 |c Kenichi Ohmae 
260 |a New York 
260 |b The Free Press 
260 |c 1995 
520 |a Nations are becoming obsolete from an economic standpoint, declares Tokyo-based business consultant Ohmae (The Borderless World). He argues that the traditional nation-state, now beholden to domestic special interests, its government "an enemy of the public at large," has become an inefficient, even impossible, business unit in the new global economy. Instead of a world order based on discrete, independent nations, Ohmae envisions autonomous networks of what he calls "region states"?geographically linked economic zones that forge productive ties with the global marketplace by putting the right policies, information technology and infrastructure in place. Examples of emerging region states cited here are San Diego/Tijuana; Hong Kong and southern China; and northern Italy and the Rhine-Alps region of France. Although Ohmae overstates his case, his challenging primer gives managers, economists, politicians and policymakers new ways to think about global economic problems and opportunities. 
650 |a World politics,Democracy,National state,Quốc gia,Dân chủ,Chính trị thế giới 
650 |y 1989-,1989- 
904 |i Tuyến 
980 |a Trung tâm Học liệu Trường Đại học Cần Thơ